|
|
|
|
| LEADER |
00768nas a2200181 i 4500 |
| 001 |
acta42302 |
| 005 |
20260224081030.0 |
| 008 |
170523s2010 hu o 000 hun d |
| 022 |
|
|
|a 1417-3875
|
| 040 |
|
|
|a SZTE Egyetemi Kiadványok Repozitórium
|b hun
|
| 041 |
|
|
|a hun
|
| 100 |
1 |
|
|a Xu Fuyi
|
| 245 |
1 |
4 |
|a The existence of positive solutions for nonlinear boundary system with p-Laplacian operator based on sign-changing nonlinearities
|h [elektronikus dokumentum] /
|c Xu Fuyi
|
| 260 |
|
|
|c 2010
|
| 300 |
|
|
|a 1-14
|
| 490 |
0 |
|
|a Electronic journal of qualitative theory of differential equations
|
| 695 |
|
|
|a Laplace-egyenlet, Nemlineáris határérték probléma - pozitív megoldások
|
| 856 |
4 |
0 |
|u http://acta.bibl.u-szeged.hu/42302/1/ejqtde_2010_079_001-014.pdf
|z Dokumentum-elérés
|